000 00389nam a2200145Ia 4500
008 230711s9999||||xx |||||||||||||| ||und||
041 _aENG
082 _a621
_bCO-E
100 _aCooper ,WD
245 0 _aElectronic instrumentation and measurement techniques
250 _a3rd
260 _c1991
_aNew Delhi
_bPHI Learning Private Limited
650 _aElectrical Engineering
942 _cBK
999 _c1429
_d1429